Open Data Biblioteca Nacional de Portugal


República Portuguesa: Ministério da Cultura
Biblioteca Nacional de Portugal

Catálogo da BNP: acesso por Identificadores Unívocos
Registos Bibliográficos associados ao registo de autoridade

Etiqueta de registo: 00000nam 2200025 450
001 1975497
003 http://id.bnportugal.gov.pt/bib/catbnp/1975497
010 ## $a978-989-8260-16-1
021 ## $aPT$b292410/09
100 ## $a20171106d2016 m y0pory01030103ba
101 1# $apor$ceng
102 ## $aPT
105 ## $aa z 000yy
106 ## $ar
200 1# $aChakras e cristais$fJennie Harding$gtrad. Rosário Jordão
205 ## $a1ª ed.,$b1ª imp
210 #9 $aAmadora$cNascente,$d2016
215 ## $a1 cx$cmuito il.$d18 cm
304 ## $aTít. orig.: The cristal book
327 11 $aContém: livro (80 p.) + 7 cristais
675 ## $a133.2(035)$vBN$zpor$31224801
675 ## $a548(035)$vBN$zpor$31405463
700 #1 $aHarding,$bJennie$31696085
702 #1 $aJordão,$bRosário$4730$31273084
801 #0 $aPT$bBN$gRPC
856 41 $uhttp://rnod.bnportugal.gov.pt/ImagesBN/winlibimg.aspx?skey=&doc=1975497&img=100864&save=true
900 ## $aBIBNAC$d20171212
966 ## $lBN$mFGMON$sS.A. 57992 P.$x1
966 ## $lBN$mFGMON$sS.A. 57992 P.-D$x1

Etiqueta de registo: 00254nam 2200025 450
001 2284343
003 http://id.bnportugal.gov.pt/bib/catbnp/2284343
010 ## $a978-989-739-430-0
021 ## $aPT$b549547/25
100 ## $a20260414d2026 m y0pory01030103ba
101 1# $apor$ceng
102 ## $aPT
105 ## $aa z 001yy
106 ## $ar
200 1# $a Os cristais dos 7 chakras$fJennie Harding$gtrad. Dulce Aleixo
205 ## $a1ª ed
210 #9 $a[S.l.]$cAlbatroz,$d2026
215 ## $a1 cx$cmuito il.$d18 cm
225 2# $aViagens da alma
304 ## $aTít. orig.: The cristal pack : a complete guide to using crystal for chakra healing
327 11 $aContém: livro (80 p.) + 7 cristais
675 ## $a133.2(035)$vBN$zpor$31224801
675 ## $a548(035)$vBN$zpor$31405463
700 #1 $aHarding,$bJennie$31696085
702 #1 $aAleixo,$bDulce$4730$3949184
801 #0 $aPT$bBN$gRPC
856 41 $uhttp://rnod.bnportugal.gov.pt/ImagesBN/winlibimg.aspx?skey=&doc=2284343&img=221605&save=true
900 ## $aBIBNAC$d20260429
966 ## $lBN$mFGMON$sS.A. 60082 P.$x1
966 ## $lBN$mFGMON$sS.A. 60082 P.-D$x1
971 ## $cabrito$d20260414
972 ## $e0$z0$d20260429$vasantos
973 ## $csteixeira$d20260422

OpendataBNP@bnportugal.pt | Mais informação sobre acesso aos dados BNP